01433nam a2200253 a 4500008004100000020001500041050001700056110003800073245002800111260005300139300002100192350000900213490003100222500005100253650001300304650003000317995016300347995016200510995015000672999001700822952012400839952009200963952012401055120416s1985 ||||||||||||||||| || u a9251009430 aSD 399.5 For aFood and Agriculture Organization10aForest tree improvement aDehradun:bInternational book distributorsc1985 aiii, 271p.: ill. a0.00 aFAO forestry paper, no. 20 aReport on the FAO/DANIDA training course on... aFORESTRY aFOREST ECOLOGY--CONGESSES aANNEX COLLECTION (Main Library)D0.00e732369FCBU-MAIN LIBRARY (Kitwe)H1I0.00jSD 399.5 ForM4UAVAILABLEWNov 27, 2006y44927ZAnnex Low-Usage Collection  aANNEX COLLECTION (Main Library)D0.00e732370FCBU-MAIN LIBRARY (Kitwe)H1I0.00jSD 399.5 ForM3UAVAILABLEWMay 3, 2006y44928ZAnnex Low-Usage Collection  aANNEX COLLECTION (Main Library)D0.00e732371FCBU-MAIN LIBRARY (Kitwe)H1I38.00jSD 399.5 FORM1UAVAILABLEy44925ZAnnex Low-Usage Collection  c63239d63239 00102lcc4070a001b001cAnnex Low-Usage Collection d2022-12-24l0oSD 399.5 Forp44927r2022-12-24w2022-12-24y002 01102lcc4070a001b001d2022-12-24oSD 399.5 Forp44928r2022-12-24w2022-12-24y002 00102lcc4070a001b001cAnnex Low-Usage Collection d2022-12-24l0oSD 399.5 Forp44925r2022-12-24w2022-12-24y002